Out from underdevelopment revisited : changing global structures and the remaking of the Third World
Αποθηκεύτηκε σε:
| Κύριος συγγραφέας: | |
|---|---|
| Άλλοι συγγραφείς: | |
| Μορφή: | Βιβλίο |
| Γλώσσα: | English |
| Δημοσίευση: |
London :
Macmillan Press,
c1997
|
| Σειρά: | International political economy series
|
| Θέματα: | |
| Ετικέτες: |
Προσθήκη ετικέτας
Δεν υπάρχουν, Καταχωρήστε ετικέτα πρώτοι!
|
MARC
| LEADER | 00000nam a2200000 i 4500 | ||
|---|---|---|---|
| 001 | 1/94541 | ||
| 008 | 991126s1997 eng d | ||
| 020 | |a 0-333-63644-9 | ||
| 035 | |l 10054862 | ||
| 040 | |a GR-MY-UA |b gre |e aacr | ||
| 041 | 0 | |a eng | |
| 082 | 0 | |a 330.91724 | |
| 100 | 1 | |a Mittelman, James H. | |
| 245 | 1 | 0 | |a Out from underdevelopment revisited : |b changing global structures and the remaking of the Third World / |c James H. Mittelman and Mustapha Kamal Pasha |
| 260 | |a London : |b Macmillan Press, |c c1997 | ||
| 300 | |a 289 p. | ||
| 490 | 1 | |a International political economy series | |
| 504 | |a Includes bibliographical references and index | ||
| 650 | 0 | 0 | |a International economic relations. |
| 650 | 0 | 0 | |a Economic development. |
| 651 | 0 | |a Developing countries |x Economic policy. | |
| 651 | 0 | |a Developing countries |x Economic conditions. | |
| 700 | 1 | |a Pasha, Mustapha Kamal. | |
| 830 | 0 | |a International political economy series | |
| 852 | |a INST |b LESVOS |e 19991126 |h 330.91724 MIT |p 005100018763 |q 005100018763 |t BK |y 0 | ||
| 901 | |a BIBL1-2000-1 | ||
| 909 | |a Λ |b 069373 | ||
| 922 | |a 1ΕΛΗ |b 289 p. |c ΚΠΣ/ΤΓ |d LEADER | ||
| 950 | |a 118-1998-10-19 | ||
| 970 | |a ΜΟΥΣΤΑΚΑ |b ΠΗΝΕΛΟΠΗ |z 2000/01/31 | ||